000 01324nam a2200337 i 4500
003 EG-GICUC
005 20260305141556.0
008 260305s1988 ua d|||f |||| 000 0 ara d
017 _a1987/5757
040 _a EG-GICUC
_bara
_c EG-GICUC
_d EG-GICUC
_erda
041 _aara
082 0 4 _221
_a001.4
_bع ب . م
092 0 4 _221
099 _aLaw1 10 001.4 ع ب . م 2 ed - 1988
100 0 _aعبدالرحيم صدقي
_eمؤلف.
245 1 0 _aمبادئ منهج البحث الأولية في العلوم الانسانية /
_cتأليف عبدالرحيم صدقي.
250 _aالطبعة الثانية،
_bمزيدة ومنقحة.
264 3 _aالجيزة :
_bمطبعة جامعة القاهرة والكتاب الجامعى،
_c1988.
300 _a118 ؛ صفحة
_c24 سم.
_bإيضاحيات، صور، مثيليات ؛
336 _2rda content
_atext
337 _2rda media
_aComputer
338 _2rda carrier
_aOnline Resource
504 _aيشتمل على إرجاعات ببليوجرافية.
546 _aالنص باللغة العربية
650 1 4 _aالقانون الجنائي
_2qrmak
650 1 4 _aعلوم انسانية
_2qrmak
651 1 _2qrmak
856 4 0 _uhttps://fll.law.cu.edu.eg/fulltext/bks/B10-08165.pdf
905 _a43
942 _2ddc
_cBK
_e21
_n0
999 _c64996
_d64996